| 000 | 01926nam0a2200361 4500 | ||
|---|---|---|---|
| 001 | RU\NLR\bibl\957128 | ||
| 005 | 20250614203112.0 | ||
| 010 |
_a5-9545-0011-8 _95000 |
||
| 021 |
_aRU _b2006-27626 _91372 |
||
| 021 |
_aRU _b2006-71194 _93584 |
||
| 035 | _a(NLR Aleph) 000945187 | ||
| 090 |
_a244866 _c244866 |
||
| 100 | _a20060606d2006 |||y0rusy50 ca | ||
| 101 | 0 | _arus | |
| 102 | _aRU | ||
| 105 | _aa ||||||||| | ||
| 200 | 1 |
_aМотоциклы ИЖ Планета и ИЖ Юпитер 4-го и 5-го поколений _eруководство по ремонту и техническому обслуживанию _f[Бакшеев с.Б. и др. _gпод общ. ред. Перевозчикова А.М.] |
|
| 210 |
_aМосква _cТрейд сервис _cАтлас-пресс _d2006 |
||
| 215 |
_a255, [1] , [4] л. цв. ил. _cил. _d21 |
||
| 225 | 1 | _aАтласы автомобилей | |
| 606 | 1 |
_a"ИЖ-Планета", дорожные мотоциклы _jРуководства, пособия и т.п. _xРемонт _92257953 _3RU\NLR\auth\661354041 |
|
| 606 | 1 |
_a"ИЖ-Планета", дорожные мотоциклы _jРуководства, пособия и т.п. _xТехническое обслуживание _92310314 _3RU\NLR\auth\661382726 |
|
| 606 | 1 |
_a"ИЖ-Юпитер", дорожные мотоциклы _jРуководства, пособия и т.п. _xРемонт _92257959 _3RU\NLR\auth\661354044 |
|
| 606 | 1 |
_a"ИЖ-Юпитер", дорожные мотоциклы _jРуководства, пособия и т.п. _xТехническое обслуживание _92310318 _3RU\NLR\auth\661382728 |
|
| 686 | _aО361.2-08я7 | ||
| 702 | 1 |
_aБакшеев _bС. Б. _4220 |
|
| 702 | 1 |
_aПеревозчиков _bА. М. _4340 |
|
| 801 | 0 |
_aRU _bNLR _c20060606 _grcr |
|
| 801 | 1 |
_aRU _bNLR _c20060606 |
|
| 942 | _cBOOK | ||
| 980 | _aNB | ||